| 000 | 00785nam a2200181Ia 4500 | ||
|---|---|---|---|
| 008 | 151018s9999 xx 000 0 und d | ||
| 082 |
_bRBASDV43210 _a370 |
||
| 100 | _aअनंत वासुदेव वाईरकर | ||
| 245 | _aसैनिक स्कूल प्रवेश परीक्षा | ||
| 250 | _b1 | ||
| 260 |
_bआदर्श विद्यार्थी प्रकाशन पुणे _c2005 |
||
| 300 | _a240 | ||
| 600 | _aअनंत वासुदेव वाईरकर | ||
| 630 | _aसैनिक स्कूल प्रवेश परीक्षा | ||
| 700 | _aअनंत वासुदेव वाईरकर | ||
| 730 | _aसैनिक स्कूल प्रवेश परीक्षा | ||
| 942 | _cBOOK | ||
| 999 |
_c1042425 _d1042422 |
||